La réponse tient en une syllabe - Statistiques

Statistiques générales
  • Ce quiz a été pris 761 fois
  • Le résultat moyen est 12 sur 20
Statistiques - réponses
Indice Réponse % Correct
Département 01. Ain
95%
Celui de Berlin est tombé en 1989. Mur
95%
Surnom qu'on donne à l'Équipe de France. Bleus
92%
Environ 3,14. Pi
89%
Boisson dont les Anglais raffoleraient. Thé
84%
Île de Charente-Maritime, ou note de musique.
83%
Les deux couleurs préférées de Stendhal. Noir
82%
Les deux couleurs préférées de Stendhal. Rouge
77%
Schrödinger a imaginé une expérience impliquant cet animal. Chat
66%
Le cri caractéristique de cet animal est « Léon ! ». Paon
50%
Les Beatles lui disent "Hey". Jude
49%
Seule ville jumelée à Paris. Rome
46%
Fleuve du nord de l'Italie, qui traverse Turin.
44%
Plus grande ville sur la côte ouest australienne. Perth
39%
Un certains Charles, que n'aimait pas François Ier. Quint
38%
Capitale du Béarn. Pau
36%
Django Reinhardt en avait perdu deux. Doigts
35%
Chef-lieu du Loir-et-Cher. Blois
27%
Président américain prénommé Ulysses. Grant
19%
Des protestants y ont défenestré des catholiques en 1618. Prague
9%
Aucun quiz correspondant
Distribution des résultats
% des personnes avec chaque résultat
Percentile par nombre de réponses
Votre historique - résultats
Vous n’avez pas pris ce quiz